Agricultural law : a comparative study between Islamic law and Malaysian law, with special reference to paddy cultivation in Malaysia /
Saved in:
| Main Author: | |
|---|---|
| Format: | Thesis |
| Language: | English |
| Published: |
Birmingham :
Department of Theology, School of Historical Studies, University of Birmingham,
2003
|
| Subjects: | |
| Tags: |
Add Tag
No Tags, Be the first to tag this record!
|
| LEADER | 020700000a22003970004500 | ||
|---|---|---|---|
| 001 | 276417 | ||
| 005 | 20230420112652.0 | ||
| 008 | 040128s2003 enkab g 000 0 eng d | ||
| 035 | |a (Sirsi) 276417 | ||
| 040 | |a UIAM |b eng |e rda | ||
| 043 | |a a-my--- | ||
| 050 | 0 | 0 | |a KPG988.7.P3.A3 |
| 100 | 0 | |a Fauziah Mohd Noor, |e author |9 116346 | |
| 245 | 1 | 0 | |a Agricultural law : |b a comparative study between Islamic law and Malaysian law, with special reference to paddy cultivation in Malaysia / |c by Fauziah Mohd Noor |
| 264 | 1 | |a Birmingham : |b Department of Theology, School of Historical Studies, University of Birmingham, |c 2003 | |
| 300 | |a xv, 353 leaves : |b illustrations, maps. ; |c 30 cm. | ||
| 336 | |2 rdacontent |a text | ||
| 337 | |2 rdamedia |a unmediated | ||
| 338 | |2 rdacarrier |a volume | ||
| 500 | |a "A thesis submitted to the University of Birmingham for the degree of Doctor of Philosophy."--On title page. | ||
| 502 | |a Thesis (Ph. D.)--University of Birmingham, 2003. | ||
| 504 | |a Includes bibliographical references. | ||
| 530 | |a Also available on 3 1/2 in. magnetic discs | ||
| 650 | 0 | |a Agriculture and state |z Malaysia |9 63108 | |
| 650 | 0 | |a Rice farmers |z Malaysia |9 116347 | |
| 650 | 0 | |a Rice |x Irrigation |z Malaysia |9 116348 | |
| 650 | 0 | |a Agricultural laws and legislation |z Malaysia |9 116349 | |
| 650 | 0 | |a Agricultural laws and legislation (Islamic law) |9 116350 | |
| 655 | 0 | 7 | |a Theses, IIUM foreign |9 13634 |
| 710 | 2 | |a University of Birmingham. |b Department of Theology |9 115455 | |
| 730 | 0 | |a Agricultural law : a comparative study between Islamic law and Malaysian law, with special reference to paddy cultivation in Malaysia (Computer file) |9 116351 | |
| 900 | |a bib-mbs-hj-hana-bs | ||
| 942 | |2 lcc |n 0 | ||
| 999 | |c 431670 |d 463907 | ||
| 952 | |0 0 |6 T KPG000988.7 P73 F271A 2003 |7 0 |8 THESES |9 753386 |a IIUM |b IIUM |c MULTIMEDIA |g 0.00 |o t KPG 988.7 P73 F271A 2003 |p 00000868567 |r 2017-10-20 |t 1 |v 0.00 |y THESIS | ||
| 952 | |0 0 |6 TS KPG000988.7 P73F271A 2003 |7 0 |8 THESES |9 813400 |a IIUM |b IIUM |c MULTIMEDIA |g 0.00 |o ts KPG988.7P73F271A 2003 |p 00000868568 |r 2018-10-18 |t 1 |v 0.00 |y THESISDIG | ||
